| 000 | 00649nam a2200169Ia 4500 | ||
|---|---|---|---|
| 003 | GCL | ||
| 008 | 140319s9999 xx 000 0 ara d | ||
| 040 |
_aGCL / _cGCL |
||
| 082 | 0 | 4 |
_a327.114 _bم م |
| 245 | 1 | 0 |
_aملف صراع المياه فى المنطقة العربية : _bالحرب القادمه |
| 260 |
_aالقاهرة : _bمركز الاهرام للتنظيم وتكنولوجيا المعلومات ، _c2003 |
||
| 300 |
_a4 جزء ؛ _c40 سم |
||
| 650 | 0 | 4 | _aالنزاع العربى الاسرائيلى |
| 650 | 0 | 4 | _aالمياه الاقليمية |
| 650 | 0 | 4 | _aالمياه - قوانين وتشريعات |
| 942 |
_2ddc _cBK |
||
| 999 |
_c5706 _d5706 |
||